Albañilería estructural / (Registro nro. 5105)
[ vista simple ]
| 000 -LEADER | |
|---|---|
| fixed length control field | 01127nam a22002897a 4500 |
| 003 - CONTROL NUMBER IDENTIFIER | |
| control field | PE SENCICO BE |
| 005 - DATE AND TIME OF LATEST TRANSACTION | |
| control field | 20251020182712.0 |
| 008 - FIXED-LENGTH DATA ELEMENTS--GENERAL INFORMATION | |
| fixed length control field | 250221b |||||||| |||| 00| 0 eng d |
| 020 ## - INTERNATIONAL STANDARD BOOK NUMBER | |
| International Standard Book Number | 9972-42-754-4 |
| 040 ## - CATALOGING SOURCE | |
| Original cataloging agency | PE SENCICO BE |
| Transcribing agency | PE SENCICO BE |
| 041 ## - LANGUAGE CODE | |
| Language code of text/sound track or separate title | spa |
| 082 ## - DEWEY DECIMAL CLASSIFICATION NUMBER | |
| Classification number | 624.17 |
| Item number | G21 |
| -- | 2005 |
| 100 1# - MAIN ENTRY--PERSONAL NAME | |
| 9 (RLIN) | 2940 |
| Personal name | Gallegos, Héctor |
| Relator term | autor |
| 245 1# - TITLE STATEMENT | |
| Title | Albañilería estructural / |
| Statement of responsibility, etc. | Héctor Gallegos, Carlos Casabonne |
| 250 ## - EDITION STATEMENT | |
| Edition statement | 3a ed. |
| 260 ## - PUBLICATION, DISTRIBUTION, ETC. | |
| Place of publication, distribution, etc. | Lima : |
| Name of publisher, distributor, etc. | Pontificia Universidad Católica del Perú ; |
| Date of publication, distribution, etc. | 2005 |
| 300 ## - PHYSICAL DESCRIPTION | |
| Extent | 435 páginas : |
| Other physical details | ilustraciones ; |
| Dimensions | 24 cm. |
| 504 ## - BIBLIOGRAPHY, ETC. NOTE | |
| Bibliography, etc. note | Bibliografía: p. 403 |
| 505 0# - FORMATTED CONTENTS NOTE | |
| Formatted contents note | Historia de la albañilería -- Unidad de albañilería -- Mortero -- Concreto líquido -- Acero -- Construcción -- Propiedades de la albañilería simple -- Propiedades de la albañilería reforzada -- Comportamiento sísmico de la albañilería |
| 650 10 - SUBJECT ADDED ENTRY--TOPICAL TERM | |
| 9 (RLIN) | 61 |
| Topical term or geographic name entry element | Albañilería |
| 650 20 - SUBJECT ADDED ENTRY--TOPICAL TERM | |
| 9 (RLIN) | 177 |
| Topical term or geographic name entry element | Construcción |
| 650 20 - SUBJECT ADDED ENTRY--TOPICAL TERM | |
| 9 (RLIN) | 179 |
| Topical term or geographic name entry element | Ingeniería de estructuras |
| 650 20 - SUBJECT ADDED ENTRY--TOPICAL TERM | |
| 9 (RLIN) | 707 |
| Topical term or geographic name entry element | Historia |
| 700 1# - ADDED ENTRY--PERSONAL NAME | |
| 9 (RLIN) | 2941 |
| Personal name | Casabonne, Carlos |
| Relator term | autor |
| 910 ## - USER-OPTION DATA (OCLC) | |
| User-option data | hfp |
| -- | hfp |
| -- | hfp |
| 942 ## - ADDED ENTRY ELEMENTS (KOHA) | |
| Source of classification or shelving scheme | Dewey Decimal Classification |
| Koha item type | Libros |
| Fecha de la última vez que lo usaron | Pago total | Signatura topográfica completa | Código de barras | Precio efectivo desde | Tipo de documento | Estado perdido | Sistema de clasificación | Estado dañado | No es para préstamo | Retirado | Ubicación permanente | Ubicación actual | Fecha de adquisición | Fuente de adquisición |
|---|---|---|---|---|---|---|---|---|---|---|---|---|---|---|
| 21/02/2025 | 624.17/G21/2005 | BibLima25020021 | 21/02/2025 | Libros | Dewey Decimal Classification | Biblioteca Central Lima | Biblioteca Central Lima | 26/02/2024 | Donación del Sr. André Maguiña Ballón | |||||
| 17/04/2026 | 624.17/G21/2005 | BibZtacn26042622 | 17/04/2026 | Libros | Dewey Decimal Classification | Biblioteca Tacna | Biblioteca Tacna | 17/04/2026 |